000 01269cam a2200337 i 4500
001 25073
003 Mx-PuUPA
005 20250521125759.0
008 140415s1981 sp # gr 000 0 spa d
017 _aB. 13.128-1982
020 _a8425412536
040 _aMx-PuUPA
_bspa
_cMx-PuUPA
_dMx-PuUPA
_erda
041 1 _aspa
_hfre
100 1 _aChaunu, Pierre, 1923-2009
_eautor
_911671
240 1 3 _aLa mémoire et le sacré.
_lEspañol.
245 1 0 _aEl pronóstico del futuro :
_bcrisis de nuestro tiempo. La memoria y lo sagrado /
_cPierre Chaunu ; versión castellana de J. López de Castro
264 1 _aBarcelona :
_bEditorial Herder,
_c©1981
300 _a322 páginas ;
_c22 cm
336 _2rdacontent
_atexto
_btxt
337 _2rdamedia
_asin medio
_bn
338 _2rdacarrier
_avolumen
_bnc
650 7 _2armarc
_aCivilización occidental
650 7 _2armarc
_aCivilización moderna
_ySiglo XX
650 7 _2armarc
_aFilosofía
_xHistoria
650 7 _2armarc
_aAntropología filosófica
650 7 _2armarc
_aCivilización
_xFilosofía
765 0 _aChaunu, Pierre, 1923 - 2009,
_tLa mémoire et le sacré
_dParís : Calmann-Lévy, 1978
942 _2ddc
_cLI
_h909.09821
_iC4218
999 _c25073
_d25073